000 004150000a22001810004500
003 MACL
005 20150911150313.0
008 150911b xxu||||| |||| 00| 0 eng d
040 _aMACL
_cMACL
041 _aEnglish
082 _a822/KAR
100 _aKar, Pranabandhu
_910181
245 _aTwo Plays
260 _bRupantar
_c2007
_aBhubaneswar
350 _a195
650 _aDrama
_910182
942 _cBK
_k822
_2ddc
999 _c8141
_d8141